000 01053nam a22003255i 4500
999 _c28813
_d28784
003 EG-ScBUE
005 20200924102440.0
008 200219t20022002flu f 001 0 eng d
020 _a9780153178344
020 _a0153178345
040 _aEG-ScBUE
_beng
_erda
_cEG-ScBUE
_dEG-ScBUE
082 0 4 _a428.4
_bFAR
_222
100 1 _aFarr, Roger C.,
_eauthor.
245 1 0 _aHarcourt language /
_csenior authors Roger C. Farr, Dorothy S. Strickland.
264 1 _aOrlando, Florida :
_bHarcourt,
_c[2002]
264 4 _cc2002
300 _a592 pages :
_billustrations (color) ;
_c28 cm
336 _atext
_btxt
_2rdacontent
337 _aunmediated
_bn
_2rdamedia
338 _avolume
_bnc
_2rdacarrier
500 _aIncludes glossary.
500 _aIncludes index.
650 7 _aLanguage arts.
_2BUEsh
650 7 _aReading.
_2BUEsh
650 7 _aEnglish language
_xComposition and exercises.
_2BUEsh
650 7 _aEnglish language
_xGrammar.
_2BUEsh
653 _bHHUUEENN
_cSeptember2020
700 1 _aStrickland, Dorothy S.,
_eauthor.
942 _2ddc
_cBB